Manchester United Women’s Squad 23/24 - Statistics

General Stats
  • This quiz has been taken 92 times
  • The average score is 15 of 24
Answer Stats
Number Position Country Player % Correct
7 MF England Ella Toone
98%
27 GK England Mary Earps
98%
4 DF England Maya Le Tissier
87%
21 DF England Millie Turner
80%
10 MF England Katie Zelem
74%
Manager England Marc Skinner
72%
17 FW Spain Lucia Garcia
69%
28 FW England Rachel Williams
67%
5 DF Republic Of Ireland Aoife Mannion
66%
11 MF England Leah Galton
66%
91 GK USA Phallon Tullis-Joyce
66%
23 FW Brazil Geyse Da Silva Ferreira
62%
14 DF Canada Jayde Riviere
62%
9 FW France Melvine Malard
62%
22 FW England Nikita Parris
56%
20 MF Japan Hinata Miyazawa
54%
3 DF England Gabby George
52%
6 DF England Hannah Blundell
52%
12 MF Wales Hayley Ladd
52%
16 MF Norway Lisa Naalsund
46%
15 DF Wales Gemma Evans
43%
34 MF Scotland Emma Watson
41%
8 MF Spain Irene Guerrero
41%
26 MF England Grace Clinton
39%
No matching quizzes found
Score Distribution
Percent of People with Each Score
Percentile by Number Answered
Your Score History
You have not taken this quiz